Responses for Show #3708 - Wednesday, October 18, 2000

Contestants

[<< previous game]

Chris Dawson, a legislative consultant from Sacramento, California

Martha Temple, an attorney from Hampden, Maine

Pat Burghardt, a computer analyst from Cincinnati, Ohio (whose 2-day cash winnings total $18,001)

[next game >>]

Jeopardy! Round responses

BEHIND BARS
'90s SITCOMS
NAME THE ARTIST
NATIONAL MAGAZINE AWARD WINNERS
IT'S A DOG'S LIFE
THAT'S SO CLICHE!
    $100 18
Fascists

Martha
    $100 1
The Drew Carey Show

Martha
    $100 6
Edgar Degas

Pat
    $100 24
Newsweek

Pat
    $100 16
(C: What is an English sheepdog?)

Collie

MarthaChris
    $100 8
Barking

Chris
    $200 20
Contempt of court

Chris
    $200 2
Frasier

Pat
    $200 7
Vincent Van Gogh

Chris
    $200 25
Sports Illustrated

Martha
    $200 17
Chihuahua

Chris
    $200 9
A barn

Martha
    $300 21
Robert Downey Jr.

Chris
    $300 3
Home Improvement

Pat
    $800 10
(M: Who is Renoir?)

Toulouse-Lautrec

Martha
    $300 28
Smithsonian

Pat
    $300 19
Houston

Chris
    $300 13
The belfry

Chris
    $400 22
San Francisco

Chris
    $400 4
Caroline in the City

Pat
    $400 11
(C: Who is Pablo Picasso?)

Marcel Duchamp

PatChris
    $400 29
The New Yorker

Chris
    $400 26
(C: What is an akito?)

Akita

MarthaChris
    $400 14
Feet

Chris
    $500 23
H. Rap Brown

Triple Stumper
    $500 5
J. Peterman

Martha
    $500 12
Edvard Munch

Pat
    $500 30
Rolling Stone

Pat
    $500 27
"Call of the Wild"

Martha
    $500 15
Tiger

Martha

Scores at the first commercial break (after clue 16):

Pat Martha Chris
$1,900 $600 $500

Scores at the end of the Jeopardy! Round:

Pat Martha Chris
$2,800 $1,800 $1,900

Double Jeopardy! Round responses

BEHIND BARS
ITALIAN COMPOSERS
THE CINEMA: 50 YEARS AGO
AROUND THE WORLD
"G" MEN
9-LETTER WORDS
    $200 2
Vodka

Martha
    $200 16
Giuseppe Verdi

Martha
    $200 7
All About Eve

Chris
    $200 12
Czechoslovakia

Chris
    $200 18
(C: Who is Benny Goodman?)

Dizzy Gillespie

Chris
Triple Stumper
    $200 23
(we have a minute to go...)

Thesaurus

Pat
    $400 3
Rum

Chris
    $400 17
St. Peter's Basilica

Chris
    $400 8
Father of the Bride

Pat
    $400 13
Edmonton

Pat
    $400 19
(M: Who is Gorbachev?)

Andrei Gromyko

PatMartha
    $400 24
Gunpowder

Chris
    $600 4
Michelob

Chris
    $2,500 21
Niccolo Paganini

Pat
    $600 9
Cyrano de Bergerac

Chris
    $600 14
(M: What is Catalonia?)

Castille

PatMartha
    $600 20
(P: Who is Goodwin?)

William Godwin

Pat
Triple Stumper
    $600 26
Boulevard

Chris
    $800 5
(Alex: You knew that, Chris?)
(Chris: Shame to admit that I do!)

Jagermeister

Triple Stumper
    $800 22
Naples

Chris
    $800 10
(P: Who is Sal Mineo?)
(M: Who is...(too much time)?)
(C: Who is Jimmy Stewart?)

Kirk Douglas

PatMarthaChris
Triple Stumper
    $2,500 15
Borneo

Pat
    $800 30
Nathanael Greene

Triple Stumper
    $800 27
(C: What is a hair shirt?)
(Alex: (before Final Jeopardy!) A change in scoring for Chris, even though "hair shirt" was two words, there are sources that list it as one word, & since it has 9 letters, it's acceptable.)

Sackcloth

Chris
    $1000 6
Cointreau

Triple Stumper
    $1000 29
Bel canto

Triple Stumper
    $1000 11
Born Yesterday

Chris
    $1000 1
Saigon River

Chris
    $1000 28
Galen

Pat
    $1000 25
Quadrille

Martha

Scores at the end of the Double Jeopardy! Round:

Pat Martha Chris
$9,400 $1,400 $7,900

[wagering suggestions for these scores]

Final Jeopardy! Round responses

ATHLETIC ACHIEVEMENTS
MarthaWhat is the Le Mans race?
$1,400
ChrisWhat is English Channel Swim
$7,899
PatWhat is Marathon
$6,401
Swimming across the English Channel

Final scores:

Pat Martha Chris
$2,999 $0 $15,799
2nd place: Trip to the Roosevelt Hotel, New York City 3rd place: Delta Air Lines Luggage Set New champion: $15,799

Game dynamics:

Coryat scores:

Pat Martha Chris
$5,800 $2,200 $7,900
17 R
(including 2 DDs),
2 W
12 R,
4 W
(including 1 DD)
22 R,
5 W

Combined Coryat: $15,900

[game clues] [game scores] [suggest correction]

Game tape date: 2000-08-31
The J! Archive is created by fans, for fans. Scraping, republication, monetization, and malicious use prohibited; this site may use cookies and collect identifying information. See terms. The Jeopardy! game show and all elements thereof, including but not limited to copyright and trademark thereto, are the property of Jeopardy Productions, Inc. and are protected under law. This website is not affiliated with, sponsored by, or operated by Jeopardy Productions, Inc. Join the discussion at JBoard.tv.